Zahraniční obchod a ekonomická reforma.

Štruktúrna adaptácia čs. ekonomiky vyžaduje uskutočniť zásadné zmeny vo vecnom zapojení ČSFR do svetovej ekonomiky, zmeny v zahraničnom obchode. Zhodnotenie vývoja čs. zahraničného obchodu, nedostatky v jeho štruktúre. Hodnotenie účinkov devalvácie Kčs. Zahraničný obchod ako významná rastová bariéra...

Ausführliche Beschreibung

Gespeichert in:
Bibliographische Detailangaben
1. Verfasser: Bulenová, j.
Weitere Verfasser: Procházková, E.
Format: Buchkapitel
Sprache:Tschechisch
Schlagworte:
Tags: Tag hinzufügen
Keine Tags, Fügen Sie das erste Tag hinzu!

MARC

LEADER 00000naa a2200000 4500
001 r003582
005 20220819181240.1
041 0 |a cze 
044 |a [CS] 
245 1 0 |a Zahraniční obchod a ekonomická reforma.  |c j. Bulenová, E. Procházková 
520 |a Štruktúrna adaptácia čs. ekonomiky vyžaduje uskutočniť zásadné zmeny vo vecnom zapojení ČSFR do svetovej ekonomiky, zmeny v zahraničnom obchode. Zhodnotenie vývoja čs. zahraničného obchodu, nedostatky v jeho štruktúre. Hodnotenie účinkov devalvácie Kčs. Zahraničný obchod ako významná rastová bariéra čs. ekonomiky v súčasnom období. Mechanizmy, ktoré by viedli k zvýšeniu pozitívnej úlohy čs. zahraničného obchodu. 
610 2 0 |a reformy hospodárske 
610 2 0 |a obchod zahraničný 
610 2 0 |a štruktúra dovozu 
610 2 0 |a štruktúra vývozu 
610 2 0 |a devalvácia 
610 2 0 |a bariéry rastu hospodárskeho 
610 2 0 |a ČSFR 
100 1 |a Bulenová, j. 
700 1 |a Procházková, E.